|
|
|
|
| LEADER |
01989nam a22004095i 4500 |
| 001 |
978-90-313-8210-1 |
| 003 |
DE-He213 |
| 005 |
20151121023926.0 |
| 007 |
cr nn 008mamaa |
| 008 |
100420s2010 ne | s |||| 0|eng d |
| 020 |
|
|
|a 9789031382101
|9 978-90-313-8210-1
|
| 024 |
7 |
|
|a 10.1007/978-90-313-8210-1
|2 doi
|
| 040 |
|
|
|d GrThAP
|
| 050 |
|
4 |
|a H1-970.9
|
| 072 |
|
7 |
|a J
|2 bicssc
|
| 072 |
|
7 |
|a JHB
|2 bicssc
|
| 072 |
|
7 |
|a SOC000000
|2 bisacsh
|
| 082 |
0 |
4 |
|a 300
|2 23
|
| 100 |
1 |
|
|a jong, Tjip de.
|e author.
|
| 245 |
1 |
0 |
|a Linking social capital to knowledge productivity
|h [electronic resource] :
|b An Explorative Study on the Relationship Between Social Capital and Learning in Knowledge-Productive Networks /
|c by Tjip de jong.
|
| 264 |
|
1 |
|a Houten :
|b Bohn Stafleu van Loghum :
|b Imprint: Bohn Stafleu van Loghum,
|c 2010.
|
| 300 |
|
|
|a XIII, 242 p.
|b online resource.
|
| 336 |
|
|
|a text
|b txt
|2 rdacontent
|
| 337 |
|
|
|a computer
|b c
|2 rdamedia
|
| 338 |
|
|
|a online resource
|b cr
|2 rdacarrier
|
| 347 |
|
|
|a text file
|b PDF
|2 rda
|
| 505 |
0 |
|
|a Introduction: the role of social capital in knowledge-productive networks -- Theoretical exploration: perspectives on social capital, learning and knowledge productivity -- Exploratory case studies: first steps in linking social capital to knowledge productivity -- Conceptual framework: rethinking the link -- Research design: studying knowledge productivity in networks -- Findings: 17 case studies -- Cross case analysis: Relating the empirical findings -- Conclusions and discussion.
|
| 520 |
|
|
|a Linking social capital to knowledge productivity.
|
| 650 |
|
0 |
|a Social sciences.
|
| 650 |
1 |
4 |
|a Social Sciences.
|
| 650 |
2 |
4 |
|a Social Sciences, general.
|
| 710 |
2 |
|
|a SpringerLink (Online service)
|
| 773 |
0 |
|
|t Springer eBooks
|
| 776 |
0 |
8 |
|i Printed edition:
|z 9789031382095
|
| 856 |
4 |
0 |
|u http://dx.doi.org/10.1007/978-90-313-8210-1
|z Full Text via HEAL-Link
|
| 912 |
|
|
|a ZDB-2-SHU
|
| 950 |
|
|
|a Humanities, Social Sciences and Law (Springer-11648)
|